000 00728nam a2200205 i 4500
001 130210
003 ES-MaACL
005 20230906193654.0
007 t|
008 070723s1847 it ||||1| ita d
100 1 _aZinardini, Guiseppe.
_9118284
245 1 0 _aTesoro dei novellieri italiani scelli dal decimoterzo al decimonono secolo /
_ce publicati per cura di Giuseppe Zirardini.
260 _aParigi :
_bBaudry, Libreria Europea,
_c1847 (
_fDalla stamperia di Crapelet)
300 _a2 v. ;
_c21 cm.
490 1 _aBiblioteca scelta ;
_v15-16
650 4 _aLiteratura italiana-
_xHistoria y crítica.
_914631
830 0 _aBiblioteca scelta ;
_v15-16
_9219427
852 _aES-MaACL
_jC-3247-8
999 _c130210
_d130210